| 000 | 00493nam a2200169Ia 4500 | ||
|---|---|---|---|
| 003 | GCL | ||
| 008 | 140319s9999 xx 000 0 eng d | ||
| 040 |
_aGCL / _cGCL |
||
| 082 | 0 | 4 |
_a641.306593 _bS A |
| 100 | 1 | _aSITTITRAI, PENPAN | |
| 245 | 1 | 0 |
_aTHE ART OF THAI VEGETABLE AND FRUIT CARVING / _cSITTITRAI, PENPAN |
| 260 |
_aتايلانــد : _bPANIDA CHOBVAICHA ، _c1998 |
||
| 300 |
_a28 CM ؛ _c186 P |
||
| 650 | 0 | 4 | _aFRUIT - THAILAND |
| 650 | 0 | 4 | _aVEGETABLES - THAILAND |
| 942 |
_2ddc _cBK |
||
| 999 |
_c1922 _d1922 |
||